000 00573nam a22001577a 4500
999 _c15483
_d15483
003 OSt
008 180925b ||||| |||| 00| 0 eng d
082 _a631.587
_bANN/ST
100 _aAnn Annie Shaju
_aAysha Shareena N
_aAksa V Reji
_93340
245 _aStudy on nutrient use efficiency of okra in soil and soilless media using fertigation
260 _aThavanur
_bDepartment of irrigation and drainage engineering
_c2018
300 _axi, 61
_eCD
700 _aAnu Varghese
_93217
856 _uhttps://drive.google.com/open?id=1gyQcP0ckPHzPTG9gBggkBiusd3OUWTGc
942 _cPR